Statistics for Most Populous Subdivisions of North America

Click here to take the quiz!

General Stats

  • This quiz has been taken 45 times
  • The average score is 19 of 24

Answer Stats

RankPopulationAnswerCountry% Correct
419,849,399New YorkUSA
95%
228,304,596TexasUSA
95%
139,536,653CaliforniaUSA
92%
320,984,400FloridaUSA
92%
614,193,384OntarioCAN
92%
1110,273,419North CarolinaUSA
90%
911,658,609OhioUSA
90%
712,805,537PennsylvaniaUSA
90%
1010,429,379GeorgiaUSA
87%
812,802,023IllinoisUSA
87%
197,405,743WashingtonUSA
87%
516,187,608MexicoMEX
85%
129,962,311MichiganUSA
85%
168,394,034QuebecCAN
85%
207,016,270ArizonaUSA
82%
158,470,020VirginiaUSA
82%
139,005,644New JerseyUSA
79%
236,666,818IndianaUSA
77%
216,859,819MassachusettsUSA
77%
256,113,532MissouriUSA
77%
226,715,984TennesseeUSA
69%
246,168,883PueblaMEX
54%
187,844,830JaliscoMEX
51%
178,112,505VeracruzMEX
49%

Score Distribution

Percentile by Number Answered

Percent of People with Each Score

Your Score History

You have not taken this quiz